University Home | Library Home | Institutional Repository

The fiery hunt and other plays / (Record no. 159816)

MARC details
000 -LEADER
fixed length control field 00712cam7a220021700 4500
001 - CONTROL NUMBER
control field lce00136791
008 - FIXED-LENGTH DATA ELEMENTS--GENERAL INFORMATION
fixed length control field 761013s1977 cau b 000 0 eng
010 ## - LIBRARY OF CONGRESS CONTROL NUMBER
LC control number 76048311
020 ## - INTERNATIONAL STANDARD BOOK NUMBER
Terms of availability
-- .00. a13.2..1.17
Terms of availability
-- .00
035 ## - SYSTEM CONTROL NUMBER
System control number (Sirsi) r16621
035 ## - SYSTEM CONTROL NUMBER
System control number (DLC) 76048311
035 ## - SYSTEM CONTROL NUMBER
System control number (UPRA)lce00136791
050 0# - LIBRARY OF CONGRESS CALL NUMBER
Classification number PS3529.L655
Item number F5 1977
082 ## - DEWEY DECIMAL CLASSIFICATION NUMBER
Classification number 812/.5/4
100 1# - MAIN ENTRY--PERSONAL NAME
Personal name Olson, Charles, 1910-1970.
Dates associated with a name Olson, Charles, 1910-1970.
Linkage A63758.1
245 14 - TITLE STATEMENT
Title The fiery hunt and other plays /
Statement of responsibility, etc. Charles Olson.
260 ## - PUBLICATION, DISTRIBUTION, ETC.
Place of publication, distribution, etc. Bolinas, Calif. :
Name of publisher, distributor, etc. Four Seasons Foundation,
Date of publication, distribution, etc. c1977.
504 ## - BIBLIOGRAPHY, ETC. NOTE
Bibliography, etc. note Includes bibliographical references.
949 ## - LOCAL PROCESSING INFORMATION (OCLC)
a PS3529.L655
w lcc
i -11633
m MAIN
t BOOK
l ON-SHELF

No items available.

© 2026 - The University of Zambia Library - Koha v25.11